000 00258nam a2200097Ia 4500
001 683560
005 20250826161441.0
008 250824s9999 xx 000 0 und d
245 0 _aANKARA ÇILGIN GEZGİNİN EL KİTABI
_cMAZLUM AKIN
260 _bTİMAŞ YAYINLARI
999 _c683560
_d683560